Welding fundamentals

The book will meet the requirements of those individuals who need to acquire welding skills in order to improve their career opportunities. It addresses the training needs using a hand-on approach. This book will present essential technical information for class discussions of welding safety, power...

Cur síos iomlán

Đã lưu trong:
Sonraí Bibleagrafaíochta
Príomhúdar: Roger W Jellison
Formáid: Leabhar
Teanga:Undetermined
Foilsithe: Englewood Cliffs, New Jersey Prentice-Hall 1996
Ábhair:
Clibeanna: Cuir Clib Leis
Gan Chlibeanna, Bí ar an gcéad duine leis an taifead seo a chlibeáil!
Thư viện lưu trữ: Trung tâm Học liệu Trường Đại học Cần Thơ
LEADER 01105nam a2200193Ia 4500
001 CTU_19407
008 210402s9999 xx 000 0 und d
082 |a 671.52 
082 |b J48 
100 |a Roger W Jellison 
245 0 |a Welding fundamentals 
245 0 |c Roger W Jellison 
260 |a Englewood Cliffs, New Jersey 
260 |b Prentice-Hall 
260 |c 1996 
520 |a The book will meet the requirements of those individuals who need to acquire welding skills in order to improve their career opportunities. It addresses the training needs using a hand-on approach. This book will present essential technical information for class discussions of welding safety, power sources, blueprint reading, inspection methods, and other pertinent topics. The many tables and figures are designed to present conveniently data. The topics of discussion are illustrated with several chapter highlight real-world examples that include stories about how welding techniques are used efficiently 
650 |a welding 
904 |i Minh, 971030 
980 |a Trung tâm Học liệu Trường Đại học Cần Thơ